| 000 | 00379nam a2200121Ia 4500 | ||
|---|---|---|---|
| 008 | 160609s9999 xx 000 0 und d | ||
| 100 | _aMatsumoto, Brian. | ||
| 245 | 4 | _aThe Panasonic Lumix Dmc-gh4: The Unofficial Quintessential Guide | |
| 245 | _cBy:Brian Matsumoto | ||
| 260 | _c2015 | ||
| 650 | _xPHOTOGRAPHY | ||
| 856 | _uhttp://file.ebook777.com/ThePanLumDmcTheUnoQuiGui.rar | ||
| 999 |
_c295803 _d295803 |
||